[Event "MEX-ch"]
[Site "Mexico City"]
[Date "2023.11.10"]
[Round "6"]
[White "Lopez Padilla, Piero Raul"]
[Black "Limon Olmos, Ivan Alonso"]
[Result "0-1"]
[WhiteElo "2000"]
[BlackElo "2152"]
[PlyCount "104"]
[EventDate "2023.11.07"]
[EventType "swiss"]
[EventRounds "9"]
[EventCountry "MEX"]
[SourceTitle "CB46_2023"]
[SourceDate "2023.11.15"]
[SourceVersion "1"]
[SourceVersionDate "2023.11.15"]
[SourceQuality "1"]

1. d4 d5 2. c4 c6 3. Nf3 Nf6 4. e3 e6 5. Nc3 Nbd7 6. Bd3 dxc4 7. Bxc4 Bd6 8. 0-0 0-0 9. e4 e5 10. Bg5 h6 11. Bh4 Qe7 12. d5 Rd8 13. dxc6 bxc6 14. Qe2 Nc5 15. Rfd1 Bg4 16. Bxf6 Qxf6 17. Rd2 Bc7 18. Rad1 Rd4 19. b4 Bxf3 20. gxf3 Ne6 21. Bxe6 Qxe6 22. Rxd4 exd4 23. Rxd4 Bxh2+ 24. Kf1 Be5 25. Rd3 Qh3+ 26. Ke1 Rb8 27. a3 a5 28. Na2 axb4 29. axb4 Ra8 30. Qc2 Qh1+ 31. Ke2 Qa1 32. Nc1 Bf4 33. Nb3 Qa6 34. Na5 Rd8 35. Qc4 Qxc4 36. Nxc4 Rb8 37. Na5 Rxb4 38. Nxc6 Rb1 39. Ne7+ Kh7 40. Nd5 g5 41. Nxf4 gxf4 42. Rd1 Rxd1 43. Kxd1 Kg6 44. Ke1 Kf6 45. Kf1 Ke5 46. Kg2 Kd4 47. Kh3 Kd3 48. Kg4 Ke2 49. Kxf4 Kxf2 50. e5 h5 51. Kf5 Kxf3 52. Kf6 Kf4 0-1

[Event "North American-ch U20"]
[Site "Mexico City"]
[Date "2022.12.04"]
[Round "5"]
[White "Ruiz Ortiz, Cristian Uriel"]
[Black "Lopez Padilla, Piero Raul"]
[Result "1-0"]
[WhiteElo "1596"]
[BlackElo "2018"]
[PlyCount "53"]
[EventDate "2022.12.02"]
[EventType "swiss"]
[EventRounds "9"]
[EventCountry "MEX"]
[SourceTitle "CBM 211 Extra"]
[Source "ChessBase"]
[SourceDate "2023.01.31"]
[SourceVersion "1"]
[SourceVersionDate "2023.01.31"]
[SourceQuality "1"]

1. e4 c5 2. Nc3 e6 3. f4 Nc6 4. Nf3 a6 5. g3 Nf6 6. Bg2 Be7 7. d3 0-0 8. 0-0 b5 9. e5 Nd5 10. Nxd5 exd5 11. f5 f6 12. Bf4 Bb7 13. Re1 fxe5 14. Nxe5 Nxe5 15. Bxe5 d6 16. Bf4 Bf6 17. c3 Qb6 18. Re6 Rad8 19. Qg4 Kh8 20. Bg5 d4 21. Bxf6 Rd7 22. Re7 Rxe7 23. Bxe7 Rf7 24. f6 gxf6 25. Qe6 Kg7 26. Rf1 Bc8 27. Bxf6+ 1-0

[Event "North American-ch U20"]
[Site "Mexico City"]
[Date "2022.12.02"]
[Round "1"]
[White "Ruiz Bolanos, Eithan"]
[Black "Lopez Padilla, Piero Raul"]
[Result "0-1"]
[WhiteElo "1304"]
[BlackElo "2018"]
[PlyCount "66"]
[EventDate "2022.12.02"]
[EventType "swiss"]
[EventRounds "9"]
[EventCountry "MEX"]
[SourceTitle "CBM 211 Extra"]
[Source "ChessBase"]
[SourceDate "2023.01.31"]
[SourceVersion "1"]
[SourceVersionDate "2023.01.31"]
[SourceQuality "1"]

1. e4 c5 2. Nc3 Nc6 3. f4 g6 4. Nf3 Bg7 5. Bc4 e6 6. 0-0 Nge7 7. d3 d5 8. Bb5 0-0 9. Bxc6 Nxc6 10. a3 a6 11. Qe1 b5 12. Qf2 Qd6 13. e5 Qe7 14. Bd2 Rb8 15. h3 Bd7 16. g4 f6 17. Qg3 Rbc8 18. Rae1 fxe5 19. Nxe5 Nxe5 20. fxe5 b4 21. Nb1 bxa3 22. bxa3 Ba4 23. h4 Bxc2 24. Bg5 Qd7 25. Bf6 Qb5 26. g5 Bxd3 27. Nc3 Qc4 28. Rf3 Bf5 29. Ne2 Qg4 30. Rb3 Rb8 31. Qxg4 Bxg4 32. Rg3 Bf5 33. Rc1 Rfc8 0-1

[Event "Pereira Gildardo Garcia Memorial-A"]
[Site "Pereira"]
[Date "2022.05.20"]
[Round "6"]
[White "Pazos Gambarrotti, Plinio Efrain"]
[Black "Lopez Padilla, Piero Raul"]
[Result "1/2-1/2"]
[WhiteElo "2093"]
[BlackElo "1970"]
[PlyCount "80"]
[EventDate "2022.05.18"]
[EventType "swiss"]
[EventRounds "10"]
[EventCountry "COL"]
[SourceTitle "CBM 208 Extra"]
[Source "ChessBase"]
[SourceDate "2022.07.31"]
[SourceVersion "1"]
[SourceVersionDate "2022.07.31"]
[SourceQuality "1"]

1. d4 Nf6 2. c4 g6 3. Nc3 d5 4. cxd5 Nxd5 5. Bd2 Bg7 6. e4 Nb6 7. Be3 0-0 8. Be2 Nc6 9. d5 Ne5 10. Bd4 c5 11. Bxc5 Nec4 12. Bxc4 Nxc4 13. Qb3 Nxb2 14. Qxb2 Qc7 15. Qa3 b6 16. Nge2 bxc5 17. 0-0 e6 18. Rac1 c4 19. Rfd1 Rd8 20. Nd4 Bb7 21. Ndb5 Qb6 22. dxe6 fxe6 23. Nd6 Bxc3 24. Rxc3 Bxe4 25. h3 Rac8 26. Nxe4 Rxd1+ 27. Kh2 Qd4 28. Re3 Qe5+ 29. Ng3 Qg7 30. Qa6 Rdd8 31. Rxe6 c3 32. Rc6 Rxc6 33. Qxc6 Qd4 34. Ne4 Rf8 35. f3 Qe5+ 36. Kh1 Rd8 37. Nxc3 Qe1+ 38. Kh2 Qe5+ 39. Kh1 Qe1+ 40. Kh2 Qe5+ 1/2-1/2

[Event "Mexico City Latinoamericano op 1st"]
[Site "Mexico City"]
[Date "2021.11.08"]
[Round "7"]
[White "Galaviz Medina, Atlas Adomaitis"]
[Black "Lopez Padilla, Piero Raul"]
[Result "1/2-1/2"]
[WhiteElo "1957"]
[BlackElo "1863"]
[PlyCount "115"]
[EventDate "2021.11.04"]
[EventType "swiss"]
[EventRounds "9"]
[EventCountry "MEX"]
[SourceTitle "EXT 2023"]
[Source "ChessBase"]
[SourceDate "2022.10.05"]
[SourceVersion "1"]
[SourceVersionDate "2022.10.05"]
[SourceQuality "1"]

1. d4 Nf6 2. Nf3 g6 3. c4 Bg7 4. Nc3 d5 5. cxd5 Nxd5 6. e4 Nxc3 7. bxc3 0-0 8. Be3 c5 9. Be2 Nc6 10. 0-0 cxd4 11. cxd4 Bg4 12. e5 Be6 13. Ng5 Bd5 14. f4 h6 15. Nf3 e6 16. Qd2 Kh7 17. g4 Ne7 18. h4 Be4 19. Kf2 Rc8 20. Rac1 Qd7 21. Qb2 Rxc1 22. Rxc1 Rc8 23. Nd2 Bd5 24. Bd3 Rxc1 25. Qxc1 Qc6 26. Qa3 Nc8 27. h5 Bh1 28. hxg6+ fxg6 29. Bf1 Kg8 30. Qd3 Ne7 31. Qc4 Bf8 32. Qxc6 Bxc6 33. Nc4 Bd5 34. Nd6 Bxa2 35. Nxb7 Nd5 36. Bd3 Nxe3 37. Kxe3 Kg7 38. Bb5 Be7 39. Bd7 Kf7 40. f5 exf5 41. gxf5 gxf5 42. Bxf5 Bd5 43. Be4 Ke6 44. Na5 Bg5+ 45. Kd3 Ba2 46. Bf3 Bh4 47. Nc6 a6 48. Bg4+ Kf7 49. Nb4 Bb1+ 50. Kc4 a5 51. e6+ Kf8 52. Nc6 a4 53. Kb4 Be4 54. Ne5 Bf2 55. Kxa4 Bxd4 56. Nf3 Bf6 57. Nd2 Bd5 58. Nf1 1/2-1/2